Statystyki dla Miasto na R

Kliknij tutaj aby rozwiązać quiz!

Ogólne statystyki

  • Ten quiz został rozwiązany 33 razy
    (2 od ostatniego zresetowania)
  • Średni wynik to 3 z 13

Statystyki odpowiedzi

Odpowiedź% Poprawnych
Radom
100%
Raków
50%
Ruda Śląska
50%
Rumia
50%
Rzeszów
50%
Rabka
0%
Rabka-Zdrój
0%
Racibórz
0%
Radomsko
0%
Rawa Mazowiecka
0%
Reda
0%
Ruciane Nida
0%
Rybnik
0%

Rozkład punktacji

Percentyl według liczby udzielonych odpowiedzi

Procent ludzi z każdym wynikiem

Twoja historia wyników

Nie rozwiązałeś tego quizu od ostatniego zresetowania